Представление документа в формате RUSMARC

ПолеНазваниеЗначение
  Тип записи a
  Библиографический уровень m
001 Контрольный номер b8fb7a7fed02432884eab1eb3c3b93bb
005 Дата корректировки 20240207193938.6
010 Индекс ISBN __
a ISBN 978-5-17-109407-2
100 Данные общей обработки __
a Данные общей обработки 20230203d 0rusy0189## ca
101 Язык документа 0_
a Язык текста rus
102 Страна публикации __
a Страна публикации RU
200 Заглавие и сведения об ответственности 1_
a Заглавие Птицы
f Первые сведения об ответственности Алиса Ткачёва
e Сведения, относящиеся к заглавию [для среднего школьного возраста]
g Последующие сведения об ответственности худож.: Николай Васильев
210 Выходные данные 1_
a Место издания Москва
c Издательство АСТ
c Издательство Аванта
d Дата издания 2019
215 Физическое описание __
a Объем 47, [1] с.
c Иллюстрации/тип воспроизводства цв. ил.
225 Серия 2_
a Серия Наблюдаем и изучаем
300 Общие примечания __
a Общие примечания На обл. авт. не указан
300 Общие примечания __
a Общие примечания 0+
606 Тематические рубрики 0_
a Основная рубрика Птицы. Орнитология
610 Ключевые слова 0_
a Ключевые слова птицы; орнитология; раскраски; пернатые; домашние птицы; дикие птицы; развивающие книги; книги с игровыми заданиями
686 Индексы других классификаций __
a Классификационный индекс 28.693.35
700 Автор _1
a Фамилия Ткачёва
b Имя (инициалы) А. А.
g Полное личное имя Алиса Андреевна
790 Имя лица - альтернативная форма _1
a Имя лица - альтернативная форма Ткачева
801 Источник записи _0
a Страна RU
b Организация УОБДЮ
c Дата составления 20230203
g Правила каталогизации RCR
801 Источник записи _1
a Страна RU
b Организация УОБДЮ
c Дата составления 20230203
g Правила каталогизации RCR
852 Данные о местонахождении __
i Авторский знак Т 48
j Шифр хранения 28.693.3
901 Тип документа __
t Тип документа m
905 Данные по созданию БЗ __
a Дата создания БЗ 202302
b Логин пользователя, который создал БЗ imm
909 Создатель записи __
a Создатель записи Иванова М.М.
910 Корректоры записи __
a Корректор записи Лушникова С.А.
919 __
a Лушникова С.А.
c Иванова М.М.